LEADER 01652nam 2200421 a 450 001 9910699373203321 005 20230902161738.0 035 $a(CKB)5470000002402182 035 $a(OCoLC)501074392 035 $a(EXLCZ)995470000002402182 100 $a20100120d2001 ua 0 101 0 $aeng 135 $aurbn||||||||| 181 $ctxt$2rdacontent 182 $cc$2rdamedia 183 $acr$2rdacarrier 200 10$aClaims$b[electronic resource] $eAgreement between the United States of America and Austria relating to the agreement of October 24, 2000; effected by exchange of notes dated at Vienna January 23, 2001 with attachment 210 1$a[Washington, D.C.] :$cU.S. Dept. of State,$d[2001?] 215 $a1 electronic resource (32 unnumbered pages) 225 1 $aTreaties and other international acts series ;$v13143 300 $aTitle from title screen (viewed on Jan. 20, 2010). 410 0$aTreaties and other international acts series ;$v13143. 517 $aClaims 606 $aWorld War, 1939-1945$xConscript labor$xClaims 606 $aHolocaust, Jewish (1939-1945)$xReparations 606 $aForced labor$xLaw and legislation$zAustria 606 $aForced labor$xLaw and legislation$zUnited States 615 0$aWorld War, 1939-1945$xConscript labor$xClaims. 615 0$aHolocaust, Jewish (1939-1945)$xReparations. 615 0$aForced labor$xLaw and legislation 615 0$aForced labor$xLaw and legislation 712 02$aUnited States.$bDepartment of State. 801 0$bGPO 801 1$bGPO 906 $aBOOK 912 $a9910699373203321 996 $aClaims$92317291 997 $aUNINA